Land evaluation data bank of Slovakia

Charakteristika a význam bonitačnej banky dát Slovenska.

Na minha lista:
Detalhes bibliográficos
Autor principal: Bradáčová, Katarína
Outros Autores: Grausová, Gabriela
Formato: Capítulo de Livro
Idioma:inglês
Assuntos:
Tags: Adicionar Tag
Sem tags, seja o primeiro a adicionar uma tag!

MARC

LEADER 00000naa a2200000 4500
001 r049458
005 20231004091649.4
041 0 |a eng 
044 |a CZ 
245 1 0 |a Land evaluation data bank of Slovakia  |c Katarína Bradáčová, Gabriela Grausová 
520 |a Charakteristika a význam bonitačnej banky dát Slovenska. 
610 2 0 |a pôda 
610 2 0 |a bonita pôdy 
610 2 0 |a banky dát 
610 2 0 |a cena pôdy 
610 2 0 |a fond pôdny 
610 2 0 |a oceňovanie 
610 2 0 |a Slovensko 
100 1 |a Bradáčová, Katarína 
700 1 |a Grausová, Gabriela